000 00660nam a22002297a 4500
999 _c810
_d810
001 531324
003 GZU
005 20200914152245.0
008 900525s1984 rh 000 0 nde
010 _a 86981098
020 _a0869223267
040 _aDLC
_cDLC
050 0 0 _aDT 962.43 SIG 1984
100 1 _aSigogo, Ndabezinhle S.,
_d1932-
245 1 0 _aUmhlaba umangele /
_cN.S. Sigogo.
260 _aGweru, Zimbabwe :
_bMambo Press,
_c1984.
300 _a174 p. ;
_c18 cm.
490 0 _aMambo writers series. Ndebele section ;
_vvol. 3
906 _a7
_bcbc
_corignew
_du
_encip
_f19
_gy-gencatlg
942 _2lcc
_cBK
_h962.43
_iSIG
_kDT